000 00296nam a22001217a 4500
008 250707b |||||||| |||| 00| 0 eng d
050 _aHD1339
_b.O53
100 _aOLAYIDE, Olajuwon S.
245 _aNigerian Small Farms
260 _aIbadan
_bCard Center Ltd
_c1980
300 _a315p.
942 _cBK
999 _c4159
_d4159